| 000 | 00680nam a2200205Ia 4500 | ||
|---|---|---|---|
| 003 | GCL | ||
| 008 | 140319s9999 xx 000 0 ara d | ||
| 020 | _a199614977 | ||
| 040 |
_aGCL / _cGCL |
||
| 082 | 0 | 4 |
_a220 _bم م |
| 100 | 1 | _aمحمد على سلامة | |
| 245 | 1 | 0 |
_aمنهج الفرقان فى علوم القران / _cمحمد على سلامة |
| 250 | _aالاولى | ||
| 260 |
_aالقاهرة : _bنهضة مصر للطباعة والنشر والتوزيع ، _c2002 |
||
| 300 |
_aمتعدد ؛ _c24 سم |
||
| 650 | 0 | 4 | _aالقران - بلاغة |
| 650 | 0 | 4 | _aالقران، علوم |
| 650 | 0 | 4 | _aالقران - اداب التلاوة |
| 942 |
_2ddc _cBK |
||
| 999 |
_c3545 _d3545 |
||